000 01308cam a22002054a 4500
005 20250605164043.0
008 250528s ||||||||||||||||||||||||d
035 _a17048
020 _a521439612
040 _aGR-AtMCL
_bgre
_dGR-AtMCL
_eAACR2
245 1 _aNations and Nationalism since 1780 / Programme, Myth, Reality
250 _a2nd
260 _bCambridge University Press,
_c1994
300 _a208
520 _aRecent Events in Eastern Europe and the Soviet republics have since reinforced the central importance of nationalism in the history of political evolution and upheaval. Preface, Introduction, The Nation as Novelty: From Revolution to Liberalism, Popular Proto-Nationalism, The Government Perspective, The Transformation of Nationalism 1870-1918, The Apogee of Nationalism 1918-1950, Nationalism in the Late Twentieth Century, Maps, National Conflicts and Frontier Disputes 1919-1934, Source: The Times Concise Atlas of World History, Peoples and Languages and Political Divisions in the Nineteenth Century: The East European Linguistic Jigsaw, Source: The Times Concise Atlas of World History, Nationalities of the Habsburg Empire c. 1910 Source: The Penguin Atlas of World History, Index.
700 1 _aHobsbawm J. E
_93177
942 _cBK
999 _c2488
_d2488